01378 a2200241 4500003000500000005001700005010001600022020001700038040000900055082001800064100002700082245007600109260003100185300003400216505040700250650005500657650003300712942001200745999001900757952012700776952010600903952012701009Nust20230119155005.0 a 83021590 a0471887617 : cNust00a660.28072,DAV1 aDavis, Mark E.910715210aNumerical methods and modeling for chemical engineers /cMark E. Davis. aNew York :bWiley,cc1984. axii, 258 p. :bill. ;c24 cm. aInitial-Value Problems for Ordinary Differential Equations (Page-1), Boundary Value Problems for Ordinary Differential Equations Discrete Variable Methods (Page-53), Boundary- Value Problems for Ordinary Differential Equations Finite Variable Methods (Page-97), Parabolic Partial Differential Equations in one Space Variable (Page-127), Partial Differential Equations in two Space Variables (Page-177). 0aChemical engineeringxMathematical models.9107153 0aDifferential equations.9688 2ddccBK c185009d185009 00102ddc4070aMCSbMCScGENd2016-12-12o660.28072,DAVpMCS20820r2016-12-08w2016-12-12yBKzAlmirah No.55, Shelf No.4 00102ddc40708NFICaMCSbMCSd2016-12-12l0o660.28072 DAVpMCS20821r2016-12-08w2016-12-12yBK 00102ddc4070aMCSbMCScGENd2016-12-12o660.28072,DAVpMCS27523r2016-12-08w2016-12-12yBKzAlmirah No.55, Shelf No.4